| 000 | 01195cam a22003258a 4500 | ||
|---|---|---|---|
| 001 | 14294895 | ||
| 003 | NUST-PNEC | ||
| 005 | 20170116180656.0 | ||
| 008 | 060310s2006 nju b 001 0 eng | ||
| 010 | _a 2006008521 | ||
| 020 | _a0470030372 | ||
| 040 |
_aDLC _cPNEC _dDLC |
||
| 042 | _apcc | ||
| 050 | 0 | 0 |
_aTJ265 _b.M66 2006 |
| 082 | 0 | 0 | _a621.4021 MOR |
| 100 | 1 | _aMoran, Michael J. | |
| 245 | 1 | 0 |
_aFundamentals of engineering thermodynamics _bSI version / _cMichael J. Moran, Howard N. Shapiro. |
| 250 | _a5th ed. | ||
| 260 |
_aHoboken, NJ : _bWiley, _cc2006. |
||
| 263 | _a0604 | ||
| 300 |
_a831p. : _bill. : _c26 cm. |
||
| 500 | _aIncludes Index http://www.amazon.com/Fundamentals-Engineering-Thermodynamics-Si-Version/dp/0470030372/ref=sr_1_1?s=books&ie=UTF8&qid=1409389114&sr=1-1&keywords=0470030372 | ||
| 504 | _aIncludes bibliographical references and index. | ||
| 650 | 0 |
_aThermodynamics. _xME |
|
| 700 | 1 | _aShapiro, Howard N. | |
| 856 | 4 | 1 |
_3Table of contents only _uhttp://www.loc.gov/catdir/toc/ecip0610/2006008521.html |
| 906 |
_a7 _brix _corignew _d1 _eecip _f20 _gy-gencatlg |
||
| 942 |
_2ddc _cBK |
||
| 999 |
_c60393 _d60393 |
||